000 00333nam a22001457a 4500
003 OSt
005 20220216151434.0
008 220216b |||||||| |||| 00| 0 eng d
020 _a8120321197
040 _cH U
082 _a629.831
100 _aGoodwin Graham C.
_930712
245 _aControl System Design
942 _2ddc
_cBOOKS
_n0
999 _c30628
_d30628